|
|
|
|
| LEADER |
00000nam0a2200000 4500 |
| 001 |
364735 |
| 005 |
20231101044057.0 |
| 035 |
|
|
|a (RuTPU)RU\TPU\retro\22093
|
| 090 |
|
|
|a 364735
|
| 100 |
|
|
|a 20211126d1981 m y0rusy50 ca
|
| 101 |
0 |
|
|a rus
|
| 102 |
|
|
|a RU
|
| 105 |
|
|
|a y z 001zy
|
| 200 |
1 |
|
|a Дифференциальная рента и выравнивание экономических условий воспроизводства
|f В. И. Ильдеменов
|
| 210 |
|
|
|a Москва
|c Экономика
|d 1981
|
| 215 |
|
|
|a 136 с.
|
| 320 |
|
|
|a Библиография в ссылках
|
| 606 |
|
|
|a Дифференциальная рента при социализме
|2 stltpush
|3 (RuTPU)RU\TPU\subj\36104
|
| 610 |
1 |
|
|a экономические категории
|
| 610 |
1 |
|
|a ФОРЭМ
|
| 610 |
1 |
|
|a Земля
|
| 610 |
1 |
|
|a оценка
|
| 610 |
1 |
|
|a показатели
|
| 610 |
1 |
|
|a воспроизводство
|
| 610 |
1 |
|
|a экономические условия
|
| 610 |
1 |
|
|a оптовые цены
|
| 686 |
|
|
|a У013.765
|v LBC/SL-A
|2 rubbk
|
| 701 |
|
1 |
|a Ильдеменов
|b В. И.
|g Валентин Игнатьевич
|
| 801 |
|
1 |
|a RU
|b 63413507
|c 20211126
|
| 801 |
|
2 |
|a RU
|b 63413507
|c 20211126
|g RCR
|
| 942 |
|
|
|c BK
|